Ahora contamos nosotras : #Cuéntalo : una memoria colectiva de la violencia /

Ensayo en el que se recupera la experiencia en abril y mayo del 2018 del uso del hashtag #Cuéntalo, equivalente en España del #MeToo, en donde cerca de 790,000 mujeres contaron en redes sociales sus experiencias como víctimas de violencia de género, desde agresiones y acoso hasta violación. La autor...

Fuld beskrivelse

Guardado en:
Bibliografiske detaljer
Hovedforfatter: Fallarás, Cristina (autor)
Format: Bog
Sprog:spansk
Udgivet: Barcelona, España : Anagrama, 2019, c2019
Serier:(Nuevos Cuadernos Anagrama ; 21)
Fag:
Tags: Tilføj Tag
Ingen Tags, Vær først til at tagge denne postø!

MARC

LEADER 00000nam^a2200000^a^4500
001 000457521
005 20260320000000.0
009 20260407173353.427
020 |a 978-84-339-1633-4 
037 |a Acervo ITESO - Biblioteca 
041 |a ESP 
082 |a 305. 42  |b FAL 
100 |a Fallarás, Cristina  |e (autor) 
245 1 0 |a Ahora contamos nosotras :  |b #Cuéntalo : una memoria colectiva de la violencia /  |c C. Fallarás. 
264 4 |a Barcelona, España :  |b Anagrama,  |c 2019, c2019 
300 |a 92 p. 
336 |a texto  |b txt  |2 rdacontenido 
337 |a sin mediación  |b n  |2 rdamedio 
338 |a volumen  |b nc  |2 rdasoporte 
440 1 |a (Nuevos Cuadernos Anagrama ;  |v 21) 
520 |a Ensayo en el que se recupera la experiencia en abril y mayo del 2018 del uso del hashtag #Cuéntalo, equivalente en España del #MeToo, en donde cerca de 790,000 mujeres contaron en redes sociales sus experiencias como víctimas de violencia de género, desde agresiones y acoso hasta violación. La autora, la periodista Cristina Fallarás, albergó la información en un proyecto web que se llama Proyecto Cuéntalo, en donde resalta el carácter de memoria colectiva de una realidad cada vez más irrefutable. 
521 |a FIL 2022 DIA 
585 |a Exposición DIA 2025-03 / El hilo rojo de la violencia 
649 |a XX 
650 |a Mujeres -  |x Condiciones Políticas -  |x Tema Principal 
650 |a Mujeres -  |x Condiciones Sociales y Culturales 
650 |a Movimientos de Mujeres -  |x Tema Principal 
650 |a Machismo 
650 |a Violación 
650 |a Acoso Sexual 
650 |a Abuso Sexual 
650 |a Delitos Sexuales 
650 |a Violencia 
650 |a Feminismo 
650 |a Discriminación de Género 
650 |a Identidad de Género 
650 |a Género 
650 |a Sociología 
910 |a Fondo General 
920 |a Impresos - Libros 
930 |a Colección General 
905 |a 101 
901 |a 0500387674  |b IT1  |c ACC  |i C180787  |u 20250521 
902 |a https://opac.biblio.iteso.mx/vufind/Record/000457521